000 00826nam a2200265 a 4500
001 53958
003 BD-RjUL
005 20211209080042.0
008 170124s1959 nyua b 001 0 eng d
035 _a(BD-RjUL)54080
040 _aDLC
_cWSU
_dBD-RjUL
_beng
041 _aeng
082 _a658.86
_bBEW 1959
_223
100 1 _aBeckman, Theodore N.
_9161117
245 1 0 _aWholesaling /
_cTheodore N. Beckman, Nathanael H. Engle and Robert D. Buzzell
250 _a3d ed.
260 _aNew York :
_bRonald Press Co.,
_c1959.
300 _axvi, 705 p. :
_bill. ;
_c24 cm.
504 _aIncludes bibliography and index.
650 0 _aWholesale trade.
_9161118
650 0 _aWholesale trade
_zUnited States.
_9161119
700 _aEngle , Nathanael H.
_9236091
700 _aBuzzell, Robert D.
_9236092
942 _2ddc
_cBK
999 _c53958
_d53958